Fundamentals of Modern Manufacturing / Materials, Processes, and Systems (Record no. 3753)
[ view plain ]
| 000 -LEADER | |
|---|---|
| fixed length control field | 01414cam a22002054a 4500 |
| 005 - ΗΜΕΡΟΜΗΝΙΑ ΚΑΙ ΩΡΑ ΤΕΛΕΥΤΑΙΑΣ ΕΝΗΜΕΡΩΣΗΣ | |
| Πεδίο ελέγχου | 20250605164124.0 |
| 008 - FIXED-LENGTH DATA ELEMENTS--GENERAL INFORMATION | |
| Πεδίο ελέγχου σταθερού μήκους | 250528s ||||||||||||||||||||||||d |
| 035 ## - SYSTEM CONTROL NUMBER | |
| System control number | 18391 |
| 020 ## - ISBN | |
| ISBN | 133121828 |
| 040 ## - ΠΗΓΗ ΚΑΤΑΛΟΓΟΓΡΑΦΗΣΗΣ | |
| Φορέας πρωτότυπης καταλογογράφησης | MC Athens Campus Library |
| Γλώσσα καταλογογράφησης | Ελληνικά, Μοντέρνα (1453-) |
| Modifying agency | MC Athens Campus Library |
| Κανόνες περιγραφικής καταλογογράφησης | AACR2 |
| 245 1# - ΤΙΤΛΟΣ ΚΑΙ ΔΗΛΩΣΗ ΥΠΕΥΘΥΝΟΤΗΤΑΣ | |
| Τίτλος | Fundamentals of Modern Manufacturing / Materials, Processes, and Systems |
| 260 ## - PUBLICATION, DISTRIBUTION, ETC. | |
| Name of publisher, distributor, etc. | Prentice Hall, |
| Date of publication, distribution, etc. | 1996 |
| 300 ## - PHYSICAL DESCRIPTION | |
| Extent | 1064 |
| 505 0# - FORMATTED CONTENTS NOTE | |
| Formatted contents note | Preface, Introduction, Material Properties and Product5 Attributes and Related Phenomena, Engineering Materials, Casting and Molding and Related Processes, Particulate Processing for Metals and Ceramics. Metal Forming and Sheet Metalworking, Material Removal Processes, Joining and Assembly Processes, Surface Processing Operations, Electronics Manufacturing Technologies, Automated and Production Systems, Support Functions in Manufacturing, Index. |
| 520 ## - SUMMARY, ETC. | |
| Summary, etc. | Preface, Introduction, Material Properties and Product5 Attributes and Related Phenomena, Engineering Materials, Casting and Molding and Related Processes, Particulate Processing for Metals and Ceramics. Metal Forming and Sheet Metalworking, Material Removal Processes, Joining and Assembly Processes, Surface Processing Operations, Electronics Manufacturing Technologies, Automated and Production Systems, Support Functions in Manufacturing, Index. |
| 700 1# - ΠΡΟΣΘΕΤΗ ΑΝΑΓΡΑΦΗ--ΦΥΣΙΚΟ ΠΡΟΣΩΠΟ | |
| Personal name | Groover Mikell P |
| 9 (RLIN) | 4667 |
| 942 ## - ADDED ENTRY ELEMENTS (KOHA) | |
| Koha item type | Books |
| Τύπος τεκμηρίου | Βιβλιοθήκη | Τρέχουσα τοποθεσία | Barcode | Αριθμός εισαγωγής | Ημερομηνία απόκτησης | Ταξιθετικό σύμβολο | Αριθμός αντιτύπου | Κατάσταση απόσυρσης | Κατάσταση χαμένου | Κατάσταση κατεστραμμένου | Μη δανεισμός | Σύνολο δανεισμών | Ημερομηνία τελευταίας εμφάνισης | Η τιμή ισχύει από |
|---|---|---|---|---|---|---|---|---|---|---|---|---|---|---|
| Books | MC Athens Campus Library | MC Athens Campus Library | 9780000037527 | 3055 | 05/06/2025 | 670.42 GRO | 1 | 05/06/2025 | 05/06/2025 |